<?xml version="1.0" encoding="UTF-8"?>
<collection xmlns="http://www.loc.gov/MARC21/slim">
 <record>
  <leader>05069nam a2200361 a 4500</leader>
  <controlfield tag="001">1/49468</controlfield>
  <controlfield tag="008">200930m20182020gr       b    00110 gre  </controlfield>
  <datafield tag="020" ind1=" " ind2=" ">
   <subfield code="a">9789604186815</subfield>
  </datafield>
  <datafield tag="035" ind1=" " ind2=" ">
   <subfield code="l">52477</subfield>
  </datafield>
  <datafield tag="040" ind1=" " ind2=" ">
   <subfield code="a">GR-PeUP</subfield>
  </datafield>
  <datafield tag="082" ind1="0" ind2="0">
   <subfield code="a">338.04 ΣΑΡ</subfield>
  </datafield>
  <datafield tag="100" ind1="1" ind2=" ">
   <subfield code="a">Σαρρή, Κατερίνα Κ.</subfield>
  </datafield>
  <datafield tag="245" ind1="1" ind2="0">
   <subfield code="a">Επιχειρηματικότητα και κοινωνική οικονομία :</subfield>
   <subfield code="b">η οπτική του φύλου /</subfield>
   <subfield code="c">Κατερίνα Σαρρή, Άννα Τριχοπούλου.</subfield>
  </datafield>
  <datafield tag="260" ind1="0" ind2=" ">
   <subfield code="a">Θεσσαλονίκη :</subfield>
   <subfield code="b">Τζιόλας,</subfield>
   <subfield code="c">2018, 2020.</subfield>
  </datafield>
  <datafield tag="300" ind1=" " ind2=" ">
   <subfield code="a">xx, 642 σ. :</subfield>
   <subfield code="b">εικ., πίν. ;</subfield>
   <subfield code="c">25 εκ.</subfield>
  </datafield>
  <datafield tag="500" ind1=" " ind2=" ">
   <subfield code="a">Περιεχόμενα: Μέρος Α: Κατανοώντας την επιχειρηματικότητα: Κεφάλαιο 1. Στα ίχνη της Επιχειρηματικότητας στο χρόνο: Από τους Χετταίους &amp; την Αρχαία Ελλάδα στο Steve Jobs &amp; Silicon Valley -- Κεφάλαιο 2. Επιχειρηματίας, επιχειρηματικότητα, επιχειρηματική διαδικασία -- Κεφάλαιο 3. Μορφές επιχειρηματικότητας -- Κεφάλαιο 4. Επιχειρηματικότητα και οικονομική ανάπτυξη -- Κεφάλαιο 5. Καινοτομία και επιχειρηματικότητα -- Κεφάλαιο 6. Επιχειρηματικότητα στην εκπαίδευση -- Κεφάλαιο 7. Επιχειρηματική κατάρτιση και συμβουλευτική -- Κεφάλαιο 8. Μέντορινγκ και e-μέντορινγκ στην επιχειρηματική συμβουλευτική -- Κεφάλαιο 9. Κοινωνικά δίκτυα -- Κεφάλαιο 10. Χρηματοδοτικά Μέσα για την ενίσχυση της επιχειρηματικότητας -- Μέρος Β. Κατανοώντας την κοινωνική οικονομία και την κοινωνική επιχείρηση: Κεφάλαιο 11. Το θεωρητικό πλαίσιο -- Κεφάλαιο 12. Ο παγκόσμιος και ευρωπαϊκός χάρτης της κοινωνικής επιχειρηματικότητας -- Κεφάλαιο 13. Η κοινωνική επιχειρηματικότητα στην Ελλάδα -- Κεφάλαιο 14. Κοινωνική επιχειρηματικότητα και ευπαθείς κοινωνικά ομάδες -- Κεφάλαιο 15. Υποστηρίζοντας την κοινωνική επιχειρηματικότητα -- Μέρος Γ. Η διάσταση του κοινωνικού φύλου στην επιχειρηματικότητα: Κεφάλαιο 16. Η επιχειρηματικότητα γυναικών ως ερευνητικό πεδίο -- Κεφάλαιο 17. Κίνητρα, προθέσεις και επιχειρηματική ανάπτυξη: η διάσταση του κοινωνικού φύλου -- Κεφάλαιο 18. Εξισορρόπηση επαγγελματικής και οικογενειακής ζωής -- Κεφάλαιο 19. Συναισθηματική νοημοσύνη και επιχειρηματικότητα -- Κεφάλαιο 20. Ολιστική προσέγγιση στη στήριξη της επιχειρηματικότητας με την οπτική του φύλου: το μοντέλο του Κέντρου Εργάνη -- Ευρετήριο όρων και εννοιών -- Ευρετήριο εταιρειών και οργανισμών.</subfield>
  </datafield>
  <datafield tag="504" ind1=" " ind2=" ">
   <subfield code="a">Περιλαμβάνει βιβλιογραφικές παραπομπές και ευρετήριο.</subfield>
  </datafield>
  <datafield tag="650" ind1=" " ind2="0">
   <subfield code="a">Economics</subfield>
   <subfield code="x">Sociological aspects.</subfield>
  </datafield>
  <datafield tag="650" ind1=" " ind2="0">
   <subfield code="a">Entrepreneurship</subfield>
   <subfield code="z">Greece.</subfield>
  </datafield>
  <datafield tag="650" ind1=" " ind2="0">
   <subfield code="a">Social entrepreneurship.</subfield>
  </datafield>
  <datafield tag="650" ind1=" " ind2="0">
   <subfield code="a">Entrepreneurship</subfield>
   <subfield code="x">Sex differences.</subfield>
  </datafield>
  <datafield tag="650" ind1=" " ind2="4">
   <subfield code="a">Επιχειρηματικότητα</subfield>
   <subfield code="z">Ελλάδα.</subfield>
  </datafield>
  <datafield tag="650" ind1=" " ind2="4">
   <subfield code="a">Κοινωνική επιχειρηματικότητα.</subfield>
  </datafield>
  <datafield tag="650" ind1=" " ind2="4">
   <subfield code="a">Οικονομική</subfield>
   <subfield code="x">Κοινωνιολογικές απόψεις.</subfield>
  </datafield>
  <datafield tag="650" ind1=" " ind2="4">
   <subfield code="a">Συνεργασία.</subfield>
  </datafield>
  <datafield tag="650" ind1=" " ind2="4">
   <subfield code="a">Γυναίκες.</subfield>
  </datafield>
  <datafield tag="700" ind1="1" ind2=" ">
   <subfield code="a">Τριχοπούλου, Άννα.</subfield>
  </datafield>
  <datafield tag="852" ind1=" " ind2=" ">
   <subfield code="a">INST</subfield>
   <subfield code="b">UNIPILB</subfield>
   <subfield code="c">MAIN</subfield>
   <subfield code="e">20200930</subfield>
   <subfield code="h">338.04 ΣΑΡ</subfield>
   <subfield code="p">00183778</subfield>
   <subfield code="q">00183778</subfield>
   <subfield code="t">LOAN</subfield>
   <subfield code="y">0</subfield>
   <subfield code="4">1</subfield>
  </datafield>
  <datafield tag="852" ind1=" " ind2=" ">
   <subfield code="a">INST</subfield>
   <subfield code="b">UNIPILB</subfield>
   <subfield code="c">MAIN</subfield>
   <subfield code="e">20210420</subfield>
   <subfield code="h">338.04 ΣΑΡ</subfield>
   <subfield code="p">00185239</subfield>
   <subfield code="q">00185239</subfield>
   <subfield code="t">LOAN</subfield>
   <subfield code="y">0</subfield>
   <subfield code="4">2</subfield>
  </datafield>
  <datafield tag="852" ind1=" " ind2=" ">
   <subfield code="a">INST</subfield>
   <subfield code="b">UNIPILB</subfield>
   <subfield code="c">MAIN</subfield>
   <subfield code="e">20210420</subfield>
   <subfield code="h">338.04 ΣΑΡ</subfield>
   <subfield code="p">00185240</subfield>
   <subfield code="q">00185240</subfield>
   <subfield code="t">LOAN</subfield>
   <subfield code="y">0</subfield>
   <subfield code="4">3</subfield>
  </datafield>
  <datafield tag="852" ind1=" " ind2=" ">
   <subfield code="a">INST</subfield>
   <subfield code="b">UNIPILB</subfield>
   <subfield code="c">MAIN</subfield>
   <subfield code="e">20210420</subfield>
   <subfield code="h">338.04 ΣΑΡ</subfield>
   <subfield code="p">00185241</subfield>
   <subfield code="q">00185241</subfield>
   <subfield code="t">LOAN</subfield>
   <subfield code="y">0</subfield>
   <subfield code="4">4</subfield>
  </datafield>
  <datafield tag="852" ind1=" " ind2=" ">
   <subfield code="a">INST</subfield>
   <subfield code="b">UNIPILB</subfield>
   <subfield code="c">MAIN</subfield>
   <subfield code="e">20210420</subfield>
   <subfield code="h">338.04 ΣΑΡ</subfield>
   <subfield code="p">00185242</subfield>
   <subfield code="q">00185242</subfield>
   <subfield code="t">LOAN</subfield>
   <subfield code="y">0</subfield>
   <subfield code="4">5</subfield>
  </datafield>
  <datafield tag="852" ind1=" " ind2=" ">
   <subfield code="a">INST</subfield>
   <subfield code="b">UNIPILB</subfield>
   <subfield code="c">MAIN</subfield>
   <subfield code="e">20210420</subfield>
   <subfield code="h">338.04 ΣΑΡ</subfield>
   <subfield code="p">00185243</subfield>
   <subfield code="q">00185243</subfield>
   <subfield code="t">LOAN</subfield>
   <subfield code="y">23</subfield>
   <subfield code="4">6</subfield>
  </datafield>
 </record>
</collection>
